20 Smallest Countries in the World by Area - Statistics

General Stats
  • This quiz has been taken 81 times
  • The average score is 16 of 20
Answer Stats
Area Answer % Correct
0.44 Vatican City
99%
61 San Marino
97%
21 Nauru
90%
467.63 Andorra
87%
2 Monaco
87%
26 Tuvalu
86%
261 Saint Kitts and Nevis
83%
2,586 Luxembourg
82%
389 Saint Vincent and the Grenadines
80%
344 Grenada
79%
316 Malta
77%
747 Tonga
76%
719.1 Singapore
73%
18,274 Fiji
72%
181 Marshall Islands
70%
442 Antigua and Barbuda
69%
459 Seychelles
63%
751 Dominica
62%
300 Maldives
62%
160 Liechtenstein
61%
No matching quizzes found
Score Distribution
Percent of People with Each Score
Percentile by Number Answered
Your Score History
You have not taken this quiz